| 000 | 00923nam1a2200289 i 4500 | ||
|---|---|---|---|
| 001 | RU\NLR\bibl\118695 | ||
| 005 | 20260406060124.0 | ||
| 035 | _a(NLR Aleph) 000116245 | ||
| 090 |
_a660746 _c660746 |
||
| 100 | _a20001120d2000 u y0rusy50 ca | ||
| 101 | 1 |
_arus _ceng |
|
| 102 | _aRU | ||
| 105 | _ay ||||||||| | ||
| 200 | 1 |
_aКрестная мать _e[Роман _eВ 2 кн.] _fЛинда Ла Плант _g[Пер. с англ. Е.К. Денякиной, Т.В. Трефиловой] |
|
| 210 |
_aМ. _cАСТ _d2000 |
||
| 215 | _d17 | ||
| 225 | 1 |
_aИнтрига _v... |
|
| 463 | 0 | _1001116508 | |
| 463 | 0 | _1001115925 | |
| 686 | _aШ6(4Вл)67-446{Лх1299-60} | ||
| 700 | 1 |
_4070 _7ca _8rus _aЛа Плант _bЛ. _f1943- _gЛинда _3RU\NLR\AUTH\7710391 _9120168 |
|
| 801 | 0 |
_aRU _bNLR _c20001120 _gPSBO |
|
| 801 | 1 |
_aRU _bNLR _c20001120 |
|
| 852 |
_aNLR _j2000-2/2326 |
||
| 942 | _cBOOK | ||